| 000 | 00658nam a2200193 i 4500 | ||
|---|---|---|---|
| 001 | 47977 | ||
| 003 | ES-MaACL | ||
| 005 | 20230906161654.0 | ||
| 007 | t| | ||
| 008 | 981130s1862 xxk ||||1| eng d | ||
| 080 | _a821.111.09 | ||
| 100 | 1 |
_aCraik, George Lillie. _941430 |
|
| 245 | 1 | 2 |
_aA manual of english literature and of the history of the english language from the Normam conquest... / _cby George L. Craik. |
| 260 |
_aLondon : _bGriffin, Bohn and Company, _c1862. |
||
| 300 |
_aXVI, 536, 8 p. ; _c19 cm. |
||
| 650 | 0 | 4 |
_aLiteratura inglesa- _xHistoria y crÃtica. _914628 |
| 650 | 0 | 4 |
_aLengua inglesa- _xHistoria. _914278 |
| 852 |
_aES-MaACL _jG-10459 |
||
| 999 |
_c47977 _d47977 |
||